Kontrola cestovných lístkov

Bibliographic Details
Main Author: Kalamár, Ondrej, 1958- (Author)
Other Authors: Lipták, František, 1962- (Illustrator, Bookjacket designer), Albert, Pavel (Photographer)
Format: Book
Language:Slovak
PhysicalDescription:325 strán čiernobiele ilustrácie 21 cm
Published: [Bratislava] Pars Artem 2022
ISBN:9788089939381
Edition:Vydanie prvé
Subjects:

MARC

LEADER 00000cam a2200000 4500
001 vtls012146813
003 SK-MaSNL
005 20260301192019.0
008 220823s2022 xo a g 000 j slo
015 |a SNBA2024/10 
020 |a 9788089939381  |q (viazané) 
040 |a SNK  |b slo  |c SNK  |e rda 
041 0 |a slo 
044 |a xo  |c SK 
072 7 |a 821.162.4-3  |x Slovenská próza  |2 konspekt 
080 |a 821.162.4-32  |2 2011 
080 |a 82-321.5  |2 2011 
100 1 |a Kalamár, Ondrej,  |d 1958-  |4 aut  |9 157914 
245 1 0 |a Kontrola cestovných lístkov  |c Ondrej Kalamár 
250 |a Vydanie prvé 
264 1 |a [Bratislava]  |b Pars Artem  |c 2022 
300 |a 325 strán  |b čiernobiele ilustrácie  |c 21 cm 
336 |a text  |b txt  |2 rdacontent 
337 |a bez média  |b n  |2 rdamedia 
338 |a zväzok  |b nc  |2 rdacarrier 
500 |a Miesto vydania podľa NA ISBN 
500 |a Poradie vydania podľa údajov NA ISBN, v tiráži je uvedené druhé vydanie 
655 7 |a slovenské príbehy  |2 SNKPH  |9 70494 
655 7 |a humoristické príbehy  |2 SNKPH  |9 73041 
655 7 |a Slovak stories  |2 SNKPHeng  |9 277112 
655 7 |a Humorous stories  |2 SNKPHeng  |9 310063 
700 1 |a Lipták, František,  |d 1962-  |4 ill  |4 bjd  |9 155388 
700 1 |a Albert, Pavel  |4 pht  |9 411488 
852 |a Slovenská národná knižnica 
919 |a 978-80-89939-38-1 
954 |a beletria pôvodná (slovenská)  |2 lita 
958 |a LX 
999 |c 872939  |d 874869 
952 |a SNK  |b SNK  |y PREZ  |7 0  |p 17A1549204  |o snkSC 207460  |i snk2024/12469  |8 0  |0 0  |1 0  |4 0  |d 2024-08-05  |l 0  |r 2025-10-31 00:00:00  |w 2026-02-24 
952 |a SNK  |b SNK  |y PREZ  |7 0  |p 17A1551703  |o snkSC 207460 D1  |i snk2024/12834  |8 3  |g 11.25  |0 0  |1 0  |4 0  |d 2024-08-14  |l 0  |r 2026-02-24 05:48:37  |w 2026-02-24